000 00927nam a22002297a 4500
003 URS
005 20230220104633.0
008 230220b |||||||| |||| 00| 0 eng d
043 _aURS
100 _93815
_aUrsula Mae L. Apiado
_eAuthor
245 _aService Quality Dimension on the Financial Services of Remittance Centers in Binangonan, Rizal
_cUrsula Mae L. Apiado, Jade Gieselle S. Monteras, Nica Rose M. Picones
260 _c2022
300 _axii, 59 leaves;
_c28 cm.
336 _2rdacontent
_atext
337 _2rdamedia
_aunmediated
338 _2rdacarrier
_avolume
502 _aUndergraduate Thesis
_bBachelor of Science in Business Administration Major in Financial Management
_cUniversity of Rizal System, Binangonan
_d2022
700 _93816
_aJade Gieselle S. Monteras
_eAuthor
700 _93817
_aNica Rose M. Picones
_eAuthor
700 _91949
_aArabella B. Pabilonia, DBA
_eadviser
942 _2lcc
_cT
999 _c68290
_d68290